[Event "XXXII Memorial Edoardo Crespi A"]
[Site "Milano ITA"]
[Date "2011.12.10"]
[Round "9"]
[White "Basso, Pier Luigi"]
[Black "Di Lascio, Savino"]
[Result "1-0"]
[WhiteElo "2070"]
[BlackElo "2015"]
[PlyCount "109"]
[EventDate "2011.12.03"]

1. e4 g6 2. d4 Bg7 3. Nf3 c6 4. Nc3 d5 5. exd5 cxd5 6. Bb5+ Nc6 7. O-O a6 8.
Bxc6+ bxc6 9. Re1 Bg4 10. Be3 Rb8 11. Na4 Qa5 12. b3 Nh6 13. Bf4 Rc8 14. h3
Bxf3 15. Qxf3 Nf5 16. c3 e6 17. g4 Ne7 18. Nc5 O-O 19. Bg5 Rfe8 20. Nd7 Kh8 21.
Qxf7 Ng8 22. Ne5 Bxe5 23. dxe5 Rf8 24. Qxe6 Qxc3 25. Rac1 Qf3 26. Bf6+ Nxf6 27.
exf6 Qxf6 28. Qxf6+ Rxf6 29. Re7 Rd6 30. Ra7 c5 31. Re1 h5 32. g5 d4 33. Ree7
d3 34. Rh7+ Kg8 35. Rag7+ Kf8 36. Rd7 Rxd7 37. Rxd7 c4 38. bxc4 Rxc4 39. Rxd3
Kf7 40. Rf3+ Kg7 41. Kg2 Ra4 42. a3 h4 43. Re3 Ra5 44. f4 Kf7 45. Kf3 Rb5 46.
Kg4 a5 47. Re5 Rxe5 48. fxe5 a4 49. Kf4 Ke7 50. Ke4 Ke6 51. Kd4 Kf5 52. Kd5
Kxg5 53. e6 Kf6 54. Kd6 g5 55. e7 1-0

[Event "XXXII Memorial Edoardo Crespi A"]
[Site "Milano ITA"]
[Date "2011.12.10"]
[Round "9"]
[White "Battistella, Stefano"]
[Black "Salmoiraghi, Angelo"]
[Result "0-1"]
[WhiteElo "2081"]
[BlackElo "2174"]
[PlyCount "82"]
[EventDate "2011.12.03"]

1. Nf3 d5 2. g3 Nf6 3. Bg2 c6 4. d3 Bf5 5. O-O h6 6. c4 dxc4 7. dxc4 Nbd7 8.
Be3 e5 9. h3 Qc7 10. Qc1 b6 11. a3 Be7 12. b4 O-O 13. Nbd2 Be6 14. Qb2 a5 15.
Rfc1 Ra7 16. Nxe5 Nxe5 17. bxa5 Rxa5 18. Bxb6 Qb8 19. Bd4 Qxb2 20. Bxb2 Ng6 21.
Bxc6 Bxh3 22. Nb3 Ra7 23. a4 Rc8 24. Bd4 Rac7 25. Bh1 Be6 26. a5 Rxc4 27. a6
Rxc1+ 28. Rxc1 Rxc1+ 29. Nxc1 Bd5 30. a7 Ne4 31. Nb3 Bb4 32. Bc5 Bc3 33. Bd6
Ne5 34. Nc5 f5 35. Bc7 Bd4 36. Nd3 Nxd3 37. exd3 Bxf2+ 38. Kh2 Bxa7 39. dxe4
fxe4 40. g4 Kf7 41. Kg3 g5 0-1

[Event "XXXII Memorial Edoardo Crespi A"]
[Site "Milano ITA"]
[Date "2011.12.10"]
[Round "9"]
[White "Bove, Alessandro"]
[Black "Solodovnichenko, Yuri"]
[WhiteElo "2369"]
[BlackElo "2629"]
[Result "0-1"]
[PlyCount "80"]
[EventDate "2011.12.03"]

1. d4 d6 2. g3 g6 3. Bg2 Bg7 4. e4 c5 5. dxc5 Qa5+ 6. Bd2 Qxc5 7. Nc3 Nf6 8.
Nge2 Nc6 9. O-O Ne5 10. h3 Bd7 11. Nf4 Qc8 12. Qe2 h5 13. Rae1 Bh6 14. Nfd5
Nxd5 15. exd5 Bxd2 16. Qxd2 Bxh3 17. f4 Bxg2 18. Kxg2 Ng4 19. Qd4 Rh7 20. Re2
Qd7 21. Rfe1 f6 22. Qd3 O-O-O 23. Qxg6 Rdh8 24. Re6 Kd8 25. R1e2 Qc7 26. a4 a6
27. a5 Qc5 28. R6e4 Kc8 29. b3 Kb8 30. Na4 Qxd5 31. c4 Qc6 32. Nc3 e6 33. Kg1
h4 34. Rxe6 hxg3 35. Qe4 Qc5+ 36. Kg2 Rh2+ 37. Kf3 f5 38. Qd5 g2 39. Re8+ Ka7
40. Qxc5+ dxc5 0-1

[Event "XXXII Memorial Edoardo Crespi A"]
[Site "Milano ITA"]
[Date "2011.12.10"]
[Round "9"]
[White "Cacciola, Alfredo"]
[Black "Nicolo', Filippo"]
[Result "1-0"]
[WhiteElo "2080"]
[BlackElo "2024"]
[PlyCount "93"]
[EventDate "2011.12.03"]

1. e4 e5 2. Nf3 Nc6 3. Bb5 Nd4 4. Nxd4 exd4 5. O-O Bc5 6. d3 c6 7. Bc4 d5 8.
exd5 cxd5 9. Bb5+ Bd7 10. Bxd7+ Qxd7 11. Bf4 Ne7 12. Nd2 O-O 13. Nb3 Bb6 14. h3
Ng6 15. Bh2 f5 16. Qd2 f4 17. f3 Rae8 18. Rae1 Re3 19. Kh1 Nh4 20. c3 dxc3 21.
bxc3 g5 22. d4 Rfe8 23. Bg1 Nf5 24. Bxe3 fxe3 25. Qc2 Ng3+ 26. Kg1 Bc7 27. Qd3
Nxf1 28. Kxf1 Qe7 29. Ke2 Bg3 30. Rc1 Qd6 31. c4 Bh4 32. f4 Qxf4 33. Rf1 Qg3
34. Qf5 Qxg2+ 35. Kd3 Bf2 36. Ke2 Bg3+ 37. Kd3 Bf2 38. Ke2 Qxf1+ 39. Kxf1 e2+
40. Kg2 e1=Q 41. Qxg5+ Kf7 42. Qf5+ Ke7 43. Qg5+ Kd6 44. Qf4+ Kc6 45. Na5+ Kb6
46. Qd6+ Kxa5 47. Qc5+ 1-0

[Event "XXXII Memorial Edoardo Crespi A"]
[Site "Milano ITA"]
[Date "2011.12.10"]
[Round "9"]
[White "Cazzaniga, Walter"]
[Black "Moroni, Luca jr"]
[Result "1/2-1/2"]
[WhiteElo "2118"]
[BlackElo "2030"]
[PlyCount "88"]
[EventDate "2011.12.03"]

1. d4 d5 2. c4 e6 3. Nc3 c6 4. Nf3 Nf6 5. Bg5 Nbd7 6. cxd5 exd5 7. e3 Qa5 8.
Nd2 Ne4 9. Ndxe4 dxe4 10. Bh4 Bb4 11. Qc2 Nb6 12. Be2 Nd5 13. O-O Bxc3 14. bxc3
Nxc3 15. Bc4 O-O 16. Rfc1 Nb5 17. a4 Nd6 18. Be7 Nxc4 19. Bxf8 Kxf8 20. Qxc4
Be6 21. Qc5+ Qxc5 22. Rxc5 Bd5 23. h4 b6 24. Rc3 Ke7 25. Kh2 Kd6 26. Kg3 Re8
27. f3 Re6 28. h5 Rh6 29. Rh1 g6 30. fxe4 Bxe4 31. Rh4 f5 32. Kf4 Bxg2 33. Rc2
Be4 34. Rch2 Kd5 35. Kg5 Rxh5+ 36. Rxh5 gxh5 37. Rxh5 a5 38. Rxh7 b5 39. Ra7
Kc4 40. Rxa5 Kb4 41. Ra6 bxa4 42. Rb6+ Kc3 43. Ra6 Kb4 44. Rb6+ Kc3 1/2-1/2

[Event "XXXII Memorial Edoardo Crespi A"]
[Site "Milano ITA"]
[Date "2011.12.10"]
[Round "9"]
[White "Colovic, Aleksandar"]
[Black "Drazic, Sinisa"]
[WhiteElo "2451"]
[BlackElo "2537"]
[Result "1/2-1/2"]
[PlyCount "20"]
[EventDate "2011.12.03"]

1. c4 Nf6 2. d4 e6 3. Nc3 d5 4. Nf3 Be7 5. Bg5 O-O 6. e3 b6 7. cxd5 Nxd5 8.
Bxe7 Qxe7 9. Nxd5 exd5 10. Rc1 Qd8 1/2-1/2

[Event "XXXII Memorial Edoardo Crespi A"]
[Site "Milano ITA"]
[Date "2011.12.10"]
[Round "9"]
[White "Doric, Darko"]
[Black "Sedlak, Nikola"]
[WhiteElo "2504"]
[BlackElo "2592"]
[Result "1/2-1/2"]
[PlyCount "36"]
[EventDate "2011.12.03"]

1. d4 e6 2. c4 Bb4+ 3. Bd2 a5 4. Nc3 d5 5. cxd5 exd5 6. g3 Nf6 7. Bg2 O-O 8.
Nf3 Nbd7 9. O-O Re8 10. Qc2 c6 11. Rad1 Nf8 12. Ne5 Ng6 13. a3 Bd6 14. Nxg6
hxg6 15. Bg5 Bf5 16. e4 dxe4 17. Nxe4 Qe7 18. Bxf6 Qxf6 1/2-1/2

[Event "XXXII Memorial Edoardo Crespi A"]
[Site "Milano ITA"]
[Date "2011.12.10"]
[Round "9"]
[White "Formento, Paolo"]
[Black "Brunello, Roberta"]
[Result "1-0"]
[WhiteElo "2133"]
[BlackElo "1969"]
[PlyCount "83"]
[EventDate "2011.12.03"]

1. d4 d5 2. Nf3 Nf6 3. e3 e6 4. Bd3 Nbd7 5. b3 g6 6. Nbd2 Bg7 7. Bb2 O-O 8. O-O
b6 9. Ne5 Bb7 10. f4 a6 11. a4 Ne4 12. Nxe4 dxe4 13. Bc4 Nf6 14. g4 Bd5 15. Be2
c5 16. dxc5 bxc5 17. Qe1 Qc7 18. c4 Bb7 19. Bc3 Ne8 20. g5 f5 21. Rd1 Nd6 22.
h4 Nf7 23. Nd7 e5 24. Nxf8 Rxf8 25. Qd2 exf4 26. exf4 Rd8 27. Qe3 Rxd1 28. Bxd1
Qd6 29. Bxg7 Kxg7 30. Be2 Qd4 31. Kf2 Qd6 32. Rd1 Qc7 33. Qc3+ Kg8 34. Ke3 Qe7
35. Qd2 Bc6 36. Qa5 Qb7 37. Rb1 Kg7 38. Qxc5 Bxa4 39. Qd4+ Kg8 40. b4 Qc7 41.
Bd1 Nd6 42. Bxa4 1-0

[Event "XXXII Memorial Edoardo Crespi A"]
[Site "Milano ITA"]
[Date "2011.12.10"]
[Round "9"]
[White "Giretti Kanev, Jasen"]
[Black "Bellia, Fabrizio"]
[WhiteElo "2199"]
[BlackElo "2418"]
[Result "0-1"]
[PlyCount "134"]
[EventDate "2011.12.03"]

1. c4 c5 2. Nf3 Nc6 3. e3 Nf6 4. Nc3 e6 5. Be2 d5 6. d4 cxd4 7. exd4 Be7 8. O-O
O-O 9. b3 b6 10. Bf4 Ba6 11. Ne5 Rc8 12. Nb5 Bxb5 13. cxb5 Nxe5 14. Bxe5 Ne4
15. Bd3 g6 16. Rc1 Qd7 17. a4 Bb4 18. Rc2 Rxc2 19. Qxc2 Rc8 20. Qe2 Nd2 21. Rd1
Nxb3 22. Qb2 Rc3 23. Bc2 Na5 24. Bd3 Qe7 25. Rc1 Nc4 26. Rxc3 Nxb2 27. Rc8+ Qf8
28. Rxf8+ Kxf8 29. Bc2 Nc4 30. Bf6 h6 31. Kf1 Be7 32. Be5 g5 33. Bb8 Bd6 34.
Bxa7 Bc7 35. Ke2 Ke7 36. Bd3 Na5 37. h3 f6 38. Kf3 f5 39. g4 f4 40. Bc2 Kd7 41.
Ke2 Kc8 42. Bg6 Kb7 43. Bf7 Kxa7 44. Bxe6 Nc4 45. Bxd5 Nd6 46. Kd3 Ne8 47. f3
Nf6 48. Be6 Bd6 49. Bf7 Kb7 50. Kc4 Kc7 51. Kd3 Bb4 52. Kc4 Be1 53. Kd3 Kd6 54.
Ke2 Bg3 55. Bc4 Bh2 56. Kd3 Bg1 57. Bb3 Bf2 58. Bc2 Ne8 59. Bb3 Ng7 60. Kc4 Ne6
61. d5 Nc7 62. a5 bxa5 63. Kd3 Nxd5 64. Ke4 Nc3+ 65. Kf5 Nxb5 66. Kg6 Nc3 67.
Kxh6 Bh4 0-1

[Event "XXXII Memorial Edoardo Crespi A"]
[Site "Milano ITA"]
[Date "2011.12.10"]
[Round "9"]
[White "Iudicello, Giovanni"]
[Black "Tramalloni, Luca"]
[Result "0-1"]
[WhiteElo "2188"]
[BlackElo "2111"]
[PlyCount "102"]
[EventDate "2011.12.03"]

1. e4 e6 2. Qe2 c5 3. f4 Nc6 4. Nf3 g6 5. g3 Bg7 6. Bg2 Nge7 7. O-O O-O 8. c3
d6 9. a4 Rb8 10. Na3 a6 11. d3 b5 12. axb5 axb5 13. Nc2 b4 14. c4 Na5 15. Rb1
Nb3 16. Be3 Nc6 17. h3 Bb7 18. g4 Ra8 19. f5 exf5 20. gxf5 gxf5 21. exf5 Re8
22. Qf2 Ncd4 23. Ncxd4 Nxd4 24. Bxd4 cxd4 25. Nxd4 Bxg2 26. Kxg2 Qg5+ 27. Kh1
Re3 28. Nf3 Qf4 29. Qg2 Rae8 30. Rg1 Qxf3 31. f6 Qxh3+ 32. Qxh3 Rxh3+ 33. Kg2
Rh6 34. fxg7 Kxg7 35. Kf3+ Rg6 36. Rbe1 Ra8 37. Ke4 Ra2 38. Rxg6+ hxg6 39. Re2
Ra5 40. d4 Kf6 41. Re3 Rh5 42. Rb3 d5+ 43. cxd5 Rh4+ 44. Kd3 Rh3+ 45. Kc4 Rxb3
46. Kxb3 g5 47. Kxb4 g4 48. Kc5 g3 49. d6 g2 50. Kc6 g1=Q 51. d5 Qc1+ 0-1

[Event "XXXII Memorial Edoardo Crespi A"]
[Site "Milano ITA"]
[Date "2011.12.10"]
[Round "9"]
[White "Lazic, Miroljub"]
[Black "Gongalov, Bojan"]
[WhiteElo "2459"]
[BlackElo "2084"]
[Result "1-0"]
[PlyCount "61"]
[EventDate "2011.12.03"]

1. g3 Nf6 2. Bg2 g6 3. e4 d5 4. e5 Nh5 5. d4 c6 6. Nc3 Be6 7. h3 Ng7 8. Nce2 h5
9. Nf3 Na6 10. O-O Bf5 11. Nh4 Nc7 12. b3 Qd7 13. Nxf5 Nxf5 14. Qd3 Ne6 15. Rd1
Rd8 16. Bb2 Nc7 17. c4 e6 18. c5 Bg7 19. Bc1 O-O 20. g4 hxg4 21. hxg4 Ne7 22.
Bf4 Ne8 23. Bg3 f5 24. exf6 Nxf6 25. f3 g5 26. Re1 Qe8 27. Bd6 Rxd6 28. cxd6
Ng6 29. Qe3 Nh7 30. Ng3 Nf4 31. Nh5 1-0

[Event "XXXII Memorial Edoardo Crespi A"]
[Site "Milano ITA"]
[Date "2011.12.10"]
[Round "9"]
[White "Martinez, Rolly"]
[Black "Brunello, Marina"]
[WhiteElo "2420"]
[BlackElo "2221"]
[Result "1-0"]
[PlyCount "57"]
[EventDate "2011.12.03"]

1. e4 c5 2. Nf3 d6 3. d4 cxd4 4. Nxd4 Nf6 5. Nc3 a6 6. h3 e5 7. Nde2 h5 8. Bg5
Be6 9. g3 Be7 10. Bg2 Nbd7 11. O-O Rc8 12. a4 Qb6 13. Qd2 Bc4 14. a5 Qd8 15.
Rfd1 Rc5 16. b3 Be6 17. f4 Nb8 18. f5 Bd7 19. Bxf6 gxf6 20. Nd5 Bf8 21. Nb6 Rg8
22. Kh2 Qc7 23. c4 Qd8 24. b4 Rc7 25. Ra3 Rh8 26. Nc3 Rg8 27. Ncd5 Rc6 28. h4
Rh8 29. Bf3 1-0

[Event "XXXII Memorial Edoardo Crespi A"]
[Site "Milano ITA"]
[Date "2011.12.10"]
[Round "9"]
[White "Massironi, Marco"]
[Black "Bozzali, Ermanno"]
[WhiteElo "2171"]
[BlackElo "2133"]
[Result "1-0"]
[PlyCount "109"]
[EventDate "2011.12.03"]

1. e4 c5 2. Nf3 d6 3. d4 cxd4 4. Nxd4 Nf6 5. Nc3 a6 6. Bg5 e6 7. Qe2 Qc7 8.
O-O-O Nbd7 9. Nf5 exf5 10. Nd5 Nxd5 11. exd5+ Ne5 12. f4 Be7 13. Bxe7 Qxe7 14.
fxe5 Qxe5 15. Qf3 O-O 16. Bd3 Re8 17. Rdf1 Bd7 18. g4 f4 19. Qxf4 Qxf4+ 20.
Rxf4 Re5 21. Rhf1 f6 22. c4 b5 23. b3 bxc4 24. bxc4 Rae8 25. Kd2 Rb8 26. Kc3 a5
27. R1f2 Rc8 28. Kd4 Rb8 29. Kc3 a4 30. h3 a3 31. R4f3 h5 32. gxh5 Rxh5 33. Bg6
Rxh3 34. Rxh3 Bxh3 35. Rf3 Bd7 36. Kd4 Kf8 37. Rxa3 Ke7 38. Ra7 Kd8 39. Bf7 g5
40. Be6 Be8 41. a4 Rb1 42. a5 Rd1+ 43. Ke4 Re1+ 44. Kd3 Ra1 45. Kc2 Ra4 46. Kb3
Ra1 47. c5 dxc5 48. d6 Rb1+ 49. Kc4 Rc1+ 50. Kd5 Rd1+ 51. Kxc5 Rc1+ 52. Kb4
Rb1+ 53. Kc3 Rb8 54. a6 Ba4 55. Rb7 1-0

[Event "XXXII Memorial Edoardo Crespi A"]
[Site "Milano ITA"]
[Date "2011.12.10"]
[Round "9"]
[White "Miracola, Massimiliano"]
[Black "Salvador, Roland"]
[WhiteElo "2007"]
[BlackElo "2500"]
[Result "1/2-1/2"]
[PlyCount "136"]
[EventDate "2011.12.03"]

1. e4 c6 2. d4 d5 3. e5 Bf5 4. Nd2 e6 5. Nb3 Nd7 6. Nf3 h6 7. Be3 Ne7 8. Be2 a5
9. a4 Bh7 10. O-O Nf5 11. Bd2 Be7 12. Rc1 O-O 13. c4 dxc4 14. Rxc4 Qb6 15. g4
Nh4 16. Nxh4 Bxh4 17. Be3 Qc7 18. Nc5 Nb6 19. Rc1 Nd5 20. Bd3 Rad8 21. Bxh7+
Kxh7 22. Qb3 Nb4 23. Nd3 Nxd3 24. Qxd3+ Kh8 25. f4 Be7 26. Qe4 Qd7 27. f5 Qd5
28. Qxd5 Rxd5 29. fxe6 fxe6 30. Rxf8+ Bxf8 31. Kg2 Be7 32. Kf3 Rd8 33. Ke2 Kh7
34. Rf1 Kg6 35. h3 Rd5 36. Rc1 Bd8 37. Kd3 Rd7 38. Rf1 Bg5 39. Bxg5 Kxg5 40.
Kc4 Kh4 41. Rf3 b6 42. Rb3 Rb7 43. Rf3 b5+ 44. axb5 Rxb5 45. b3 Rb7 46. Kc5 Rd7
47. Rd3 Rd5+ 48. Kxc6 Kg5 49. Rd1 Kf4 50. Rf1+ Ke4 51. Rf7 Kxd4 52. Rxg7 Rxe5
53. Rg6 Rc5+ 54. Kd6 e5 55. Rxh6 e4 56. Rh5 Rc3 57. Rd5+ Ke3 58. Rxa5 Rxb3 59.
Ke5 Kf3 60. g5 e3 61. g6 e2 62. Ra1 Re3+ 63. Kf6 e1=Q 64. Rxe1 Rxe1 65. g7 Re8
66. Kf7 Ra8 67. g8=Q Rxg8 68. Kxg8 Kg3 1/2-1/2

[Event "XXXII Memorial Edoardo Crespi A"]
[Site "Milano ITA"]
[Date "2011.12.10"]
[Round "9"]
[White "Montani, Francesco"]
[Black "Bonanno, Alessandro"]
[Result "1-0"]
[WhiteElo "2245"]
[BlackElo "2132"]
[PlyCount "59"]
[EventDate "2011.12.03"]

1. d4 Nf6 2. Bg5 Ne4 3. Bf4 c5 4. d5 Qb6 5. Bc1 g6 6. f3 Nd6 7. e4 Bg7 8. Nc3
f5 9. exf5 Nxf5 10. Bd3 O-O 11. f4 d6 12. Nf3 e6 13. dxe6 Bxe6 14. Ng5 Re8 15.
Kf1 d5 16. Bxf5 gxf5 17. Qh5 Nd7 18. Qxh7+ Kf8 19. Bd2 Nf6 20. Qg6 Qa6+ 21. Kf2
d4 22. Rae1 dxc3 23. Rxe6 Qxe6 24. Nxe6+ Rxe6 25. Qxf5 cxd2 26. Qxe6 Re8 27.
Qf5 Kg8 28. Rd1 c4 29. c3 b5 30. Kf3 1-0

[Event "XXXII Memorial Edoardo Crespi A"]
[Site "Milano ITA"]
[Date "2011.12.10"]
[Round "9"]
[White "Sardo, Gabriele"]
[Black "Vezzosi, Paolo"]
[Result "0-1"]
[WhiteElo "2218"]
[BlackElo "2321"]
[PlyCount "54"]
[EventDate "2011.12.03"]

1. e4 c5 2. Nf3 Nc6 3. Nc3 e6 4. d4 cxd4 5. Nxd4 Qc7 6. Be3 Nf6 7. Be2 Be7 8.
O-O d6 9. f4 Bd7 10. Kh1 O-O 11. Nb3 a6 12. a4 Na5 13. Qd4 Rfc8 14. Nxa5 Qxa5
15. e5 Ne8 16. Bd3 f5 17. Bc4 Rc6 18. Bb3 Rd8 19. Qd3 Kh8 20. Bd4 dxe5 21. Bxe5
Nf6 22. Qg3 Ng4 23. Bxg7+ Kxg7 24. h3 h5 25. hxg4 hxg4 26. Rfd1 Qc5 27. Qh2 Rd6
0-1

[Event "XXXII Memorial Edoardo Crespi A"]
[Site "Milano ITA"]
[Date "2011.12.10"]
[Round "9"]
[White "Stella, Andrea"]
[Black "Radice, Luca"]
[WhiteElo "2448"]
[BlackElo "1969"]
[Result "1-0"]
[PlyCount "43"]
[EventDate "2011.12.03"]

1. d4 d5 2. c4 e5 3. e3 exd4 4. exd4 Nf6 5. Nc3 Be7 6. Bd3 O-O 7. Nf3 Nc6 8.
O-O Nb4 9. Be2 dxc4 10. Bxc4 c6 11. Bb3 Bg4 12. Re1 Nbd5 13. Qd3 Bxf3 14. Qxf3
Re8 15. Bg5 Qd7 16. Nxd5 cxd5 17. Re5 h6 18. Bh4 Rad8 19. h3 Qc6 20. Rae1 Bb4
21. Bxf6 Bxe1 22. Bxd8 1-0

[Event "XXXII Memorial Edoardo Crespi A"]
[Site "Milano ITA"]
[Date "2011.12.10"]
[Round "9"]
[White "Thakur, Akash"]
[Black "Sbarra, Marco"]
[WhiteElo "2324"]
[BlackElo "2245"]
[Result "0-1"]
[PlyCount "82"]
[EventDate "2011.12.03"]

1. e4 e5 2. Nf3 Nc6 3. d4 exd4 4. Bc4 Nf6 5. O-O Nxe4 6. Re1 d5 7. Bxd5 Qxd5 8.
Nc3 Qh5 9. Nxe4 Be6 10. Bg5 h6 11. Bf6 Qg6 12. Nh4 Qg4 13. Qd3 a6 14. c3 Qh5
15. Qg3 Be7 16. Bxe7 Nxe7 17. cxd4 O-O-O 18. Rac1 Nc6 19. Nc5 Rxd4 20. Nxa6 Qa5
21. Qxg7 Rhd8 22. Nf3 Rg4 23. Qxh6 Rg6 24. Qe3 Qxa6 25. a3 Qd3 26. Qf4 Qd6 27.
Qxd6 Rxd6 28. Ne5 Nxe5 29. Rxe5 Rd2 30. Rec5 c6 31. R5c2 Rxc2 32. Rxc2 Bd5 33.
f4 Kd7 34. g3 Be4 35. Rc4 f5 36. Rb4 b5 37. a4 bxa4 38. Rxa4 Rd6 39. Rb4 Rd2
40. Kf1 Rxh2 41. g4 c5 0-1

[Event "XXXII Memorial Edoardo Crespi A"]
[Site "Milano ITA"]
[Date "2011.12.10"]
[Round "9"]
[White "Valsecchi, Alessio"]
[Black "Shishkin, Vadim"]
[WhiteElo "2376"]
[BlackElo "2449"]
[Result "1/2-1/2"]
[PlyCount "132"]
[EventDate "2011.12.03"]

1. e4 c5 2. Nf3 Nc6 3. Bb5 g6 4. O-O Bg7 5. Re1 Nf6 6. e5 Nd5 7. Nc3 Nc7 8.
Bxc6 dxc6 9. Ne4 Ne6 10. d3 b6 11. a3 O-O 12. b4 f5 13. Ned2 a5 14. bxc5 Nxc5
15. a4 b5 16. axb5 cxb5 17. Ba3 Ne6 18. c4 Bb7 19. cxb5 Qxd3 20. Qa4 Rfb8 21.
Bxe7 Bxf3 22. Nxf3 Qxb5 23. Qa2 Qb3 24. Qd2 Qb5 25. h4 Rb7 26. Bd6 h6 27. Kh2
Kh8 28. Reb1 Qd7 29. Rxb7 Qxb7 30. Rxa5 Rxa5 31. Qxa5 Qe4 32. Qc3 Kh7 33. g3 g5
34. hxg5 hxg5 35. Qb3 g4 36. Nh4 Bxe5 37. Bxe5 Qxe5 38. Qb6 Ng7 39. Ng2 Qe8 40.
Qc7 Qg6 41. Kg1 Qe6 42. Qa7 Kg8 43. Nf4 Qf7 44. Qb8+ Qe8 45. Qd6 Qe1+ 46. Kg2
Qe4+ 47. Kh2 Qe1 48. Qb6 Qe5 49. Qd8+ Qe8 50. Qd4 Qf7 51. Qe5 Qe8 52. Qd4 Qf7
53. Nd5 Qe6 54. Qc5 Kh7 55. Nf4 Qe8 56. Qa7 Qe5 57. Qb6 Qe8 58. Qc7 Qe1 59. Kg2
Qe4+ 60. Kf1 Qh1+ 61. Ke2 Qe4+ 62. Kd2 Qb4+ 63. Qc3 Qxc3+ 64. Kxc3 Ne8 65. Kd4
Nd6 66. Ke5 Ne4 1/2-1/2

[Event "XXXII Memorial Edoardo Crespi A"]
[Site "Milano ITA"]
[Date "2011.12.10"]
[Round "9"]
[White "Vinzoni, Andrea"]
[Black "Bemporad, Filippo"]
[Result "0-1"]
[WhiteElo "2097"]
[BlackElo "2070"]
[PlyCount "172"]
[EventDate "2011.12.03"]

1. d4 Nf6 2. c4 e6 3. Nc3 Bb4 4. e3 O-O 5. Bd3 b6 6. Nf3 Bb7 7. O-O d5 8. a3
Be7 9. Qe2 Nbd7 10. e4 dxe4 11. Nxe4 c5 12. Bg5 cxd4 13. Rad1 Nxe4 14. Bxe7
Qxe7 15. Bxe4 Bxe4 16. Qxe4 Nf6 17. Qxd4 Rfd8 18. Qc3 Rac8 19. b4 h6 20. h3 Rd7
21. Rxd7 Qxd7 22. Rc1 Qc7 23. Qd4 Rd8 24. Qe3 Ra8 25. c5 Rc8 26. c6 b5 27. Rc5
a6 28. Qe5 Nd5 29. Qe4 Rd8 30. Nd4 Nf6 31. Qe3 Rc8 32. Nb3 Qd6 33. Na5 Nd5 34.
Qd4 Qc7 35. g3 Rd8 36. Qe4 Rc8 37. Qc2 Qe5 38. Kh2 Qa1 39. Qc1 Qf6 40. Qd2 Qe5
41. Rc1 Qc7 42. Qc2 Nb6 43. Qc5 Na4 44. Qe3 Nb6 45. Qc5 Na4 46. Qc2 Nb6 47. h4
Nd5 48. Qe4 Nf6 49. Qe2 Nd5 50. Kg2 Qa7 51. Qe5 Qc7 52. Qd4 Nb6 53. Qc5 Na4 54.
Qe3 Nb6 55. Rc5 Na4 56. Rc2 Nb6 57. Qe4 Nd5 58. f4 Qb6 59. Rc5 Qc7 60. Kh3 Nf6
61. Qe2 g6 62. Rc1 Nd5 63. Qf3 h5 64. Qe4 Nb6 65. Rc5 Na4 66. Rc2 Nb6 67. Qe5
Qd8 68. Qe4 Qd1 69. Re2 Nd5 70. Re1 Qd2 71. Qe2 Qc3 72. Kh2 Qxa3 73. f5 exf5
74. Qe5 Qxb4 75. Nb7 Nf6 76. Qxf6 Qxe1 77. Nd6 Qf2+ 78. Kh3 Rf8 79. Nxf7 Qf1+
80. Kh2 Qe2+ 81. Kh3 Qg4+ 82. Kh2 Rxf7 83. Qd8+ Kg7 84. c7 Qe2+ 85. Kh3 Re7 86.
Qd4+ Kh7 0-1